Strength of Materials (Record no. 3726)

MARC details
000 -LEADER
fixed length control field 00415nam a22001697a 4500
005 - DATE AND TIME OF LATEST TRANSACTION
control field 20211005100746.0
008 - FIXED-LENGTH DATA ELEMENTS--GENERAL INFORMATION
fixed length control field 160623b xxu||||| |||| 00| 0 eng d
020 ## - INTERNATIONAL STANDARD BOOK NUMBER
ISBN 81-87433-54-X
041 ## - LANGUAGE CODE
Language code of text/sound track or separate title eng
082 ## - DEWEY DECIMAL CLASSIFICATION NUMBER
Item number 9460
100 ## - MAIN ENTRY--AUTHOR NAME
Personal name Ramanrutham, S and Narayanan, R
245 ## - TITLE STATEMENT
Title Strength of Materials
260 ## - PUBLICATION, DISTRIBUTION, ETC. (IMPRINT)
Name of publisher Dhanpat Rai and Co.
300 ## - PHYSICAL DESCRIPTION
Number of Pages 1352
650 ## - SUBJECT ADDED ENTRY--TOPICAL TERM
Topical Term Diploma Engineering
942 ## - ADDED ENTRY ELEMENTS (KOHA)
Koha item type Books
Holdings
Lost status Damaged status Home library Current library Shelving location Date acquired Cost, normal purchase price Full call number Accession Number Koha item type
    JRU Library   SHELF-48-H 23/06/2016 670.00 9460 9460 Books
    JRU Library   SHELF-48-H 23/06/2016 670.00 9460 9461 Books
    JRU Library   SHELF-48-H 23/06/2016 670.00 9460 9462 Books
    JRU Library   SHELF-48-H 23/06/2016 670.00 9460 9463 Books
    JRU Library   SHELF-48-H 23/06/2016 670.00 9460 9464 Books